| 000 | 00532nam a22001817a 4500 | ||
|---|---|---|---|
| 999 |
_c185686 _d185686 |
||
| 005 | 20220218114609.0 | ||
| 010 | _aENG-131458 | ||
| 020 |
_a978819027337 _c350.00 |
||
| 035 | _aEN-114990 | ||
| 037 | _bDBAD | ||
| 082 | _a954.099 | ||
| 100 | _aTiwari, Reema | ||
| 245 |
_aIndian Prime Ministers/ _cReema Tiwari |
||
| 260 |
_aDelhi _bExcel Publication _c2020 |
||
| 270 |
_a518/6B, 1st Floor, Karkari Road, Vishwas Nagar, Shahdara _bDelhi _e110032 |
||
| 300 |
_a216p. _c22cm(hbk) |
||
| 942 |
_2ddc _cEN _h954.099 _mTIW |
||